La Hidradenitis : (Registro nro. 60743)
[ vista simple ]
| 000 -CABECERA | |
|---|---|
| campo de control de longitud fija | 01358nab a2200241 i 4500 |
| 003 - IDENTIFICADOR DEL NÚMERO DE CONTROL | |
| campo de control | DO-SdBNP |
| 005 - FECHA Y HORA DE LA ÚLTIMA TRANSACCIÓN | |
| campo de control | 20260514112905.0 |
| 007 - CAMPO FIJO DE DESCRIPCIÓN FÍSICA--INFORMACIÓN GENERAL | |
| campo de control de longitud fija | ta |
| 008 - DATOS DE LONGITUD FIJA--INFORMACIÓN GENERAL | |
| campo de control de longitud fija | 260514b2010 dr qn|p| ||||||0| 0 spa d |
| 040 ## - FUENTE DE LA CATALOGACIÓN | |
| Centro catalogador/agencia de origen | DO-SdBNP |
| Lengua de catalogación | spa |
| Centro/agencia transcriptor | BNPHU |
| Normas de descripción | rda |
| 041 ## - CÓDIGO DE LENGUA | |
| Código de lengua del texto/banda sonora o título independiente | spa |
| 100 ## - ENTRADA PRINCIPAL--NOMBRE DE PERSONA | |
| Nombre de persona | Cochon Aranda, Manuel |
| 9 (RLIN) | 89562 |
| Término indicativo de función/relación | doctor |
| 245 ## - MENCIÓN DE TÍTULO | |
| Título | La Hidradenitis : |
| Resto del título | conocido popularmente como "Golondrinos". |
| 300 ## - DESCRIPCIÓN FÍSICA | |
| Extensión | 30-31, páginas : |
| Otras características físicas | Ilustraciones, fotografías. |
| 336 ## - TIPO DE CONTENIDO | |
| Término de tipo de contenido | texto |
| Código de tipo de contenido | txt |
| Fuente | rdacontent |
| 337 ## - TIPO DE MEDIO | |
| Nombre/término del tipo de medio | sin mediación |
| Código del tipo de medio | n |
| Fuente | rdamedia |
| 338 ## - TIPO DE SOPORTE | |
| Nombre/término del tipo de soporte | volumen |
| Código del tipo de soporte | nc |
| Fuente | rdacarrier |
| 520 ## - SUMARIO, ETC. | |
| Sumario, etc. | Uno de los problemas de salud que aún subsisten entre los dominicanos y entorno al cual se han generado muchas interrogantes y creencias populares es la Hidradenitis, conocida popularmente como “Golondrinos”.<br/>Se trata de un proceso inflamatorio que se origina en las glándulas sudoríparas apócrifas, localizadas en diferentes áreas específicas, como las axilas, glúteos, pubis, etc. Las zonas más frecuentemente afectadas o conocidas son las axilas (hidradenitis axilar). |
| 650 #0 - PUNTO DE ACCESO ADICIONAL DE MATERIA--TÉRMINO DE MATERIA | |
| Término de materia o nombre geográfico como elemento de entrada | Dermatología |
| Subdivisión de forma | Publicaciones periódicas |
| 9 (RLIN) | 87499 |
| Subdivisión general | Golondrinos |
| 710 ## - PUNTO DE ACCESO ADICIONAL--NOMBRE DE ENTIDAD CORPORATIVA | |
| Nombre de entidad corporativa o nombre de jurisdicción como elemento de entrada | Hospital General Regional Dr. Marcelino Velez Santana |
| 9 (RLIN) | 89560 |
| 773 0# - ENLACE AL DOCUMENTO FUENTE/ENTRADA DE REGISTRO ANFITRIÓN | |
| Número bibliográfico anfitrión | 60742 |
| Número de ítem anfitrión | 337874 |
| Encabezamiento principal | Hospital General Regional Dr. Marcelino Velez Santana |
| Otro identificador del documento | 2026-4037 |
| Título | Salud moderna |
| Número Internacional Normalizado para Publicaciones Seriadas | 1811-508x |
| 942 ## - ELEMENTOS DE PUNTO DE ACCESO ADICIONAL (KOHA) | |
| Fuente del sistema de clasificación o colocación | Dewey Decimal Classification |
| Tipo de ítem Koha | Publicación periódica |
No hay ítems disponibles.
